Statystyki dla Województwa w Polsce

Kliknij tutaj aby rozwiązać quiz!

Ogólne statystyki

  • Ten quiz został rozwiązany 13 razy
  • Średni wynik to 15 z 16

Statystyki odpowiedzi

WskazówkaOdpowiedź% Poprawnych
WrocławDolnośląskie
100%
Bydgoszcz, ToruńKujawsko pomorskie
100%
ŁódźŁódzkie
100%
LublinLubelskie
100%
WarszawaMazowieckie
100%
OpoleOpolskie
100%
GdańskPomorskie
100%
OlsztynWarmińsko mazurskie
100%
KatowiceŚląskie
100%
Gorzów Wielkopolski, Zielona GóraLubuskie
92%
KrakówMałopolskie
92%
RzeszówPodkarpackie
92%
Poznań Wielkopolskie
92%
SzczecinZachodniopomorskie
92%
BiałystokPodlaskie
85%
KielceŚwiętokrzyskie
77%

Rozkład punktacji

Percentyl według liczby udzielonych odpowiedzi

Procent ludzi z każdym wynikiem

Twoja historia wyników

Nie rozwiązałeś tego quizu